|
|
|
|
| LEADER |
01125nam a2200313 a 4500 |
| 001 |
c000387044 |
| 003 |
CARM |
| 005 |
00000000000000.0 |
| 008 |
850827s1985 txua b 00110 eng |
| 010 |
|
|
|a 85020345 //r952
|
| 019 |
1 |
|
|a 69851365
|5 LACONCORD2021
|
| 020 |
|
|
|a 0849905036 (pbk.) :
|c $10.95
|
| 035 |
|
|
|a (OCoLC)12553662
|5 LACONCORD2021
|
| 040 |
|
|
|a VDU
|c VDU
|
| 050 |
0 |
0 |
|a HF5382.7
|b .L38 1985
|
| 082 |
0 |
4 |
|a 650.14
|2 19
|
| 100 |
1 |
|
|a Laughlin, Rodney S.,
|d 1925-
|
| 245 |
1 |
4 |
|a The job hunter's handbook :
|b a Christian guide /
|c Rodney S. Laughlin.
|
| 260 |
|
|
|a Waco, Texas :
|b Word Books,
|c c1985.
|
| 300 |
|
|
|a 283 p. :
|b ill. ;
|c 23 cm.
|
| 500 |
|
|
|a Pages 281-283 publisher's information.
|
| 500 |
|
|
|a Includes indexes.
|
| 504 |
|
|
|a Bibliography: p. 245-265.
|
| 650 |
|
0 |
|a Job hunting.
|
| 650 |
|
0 |
|a Work
|x Religious aspects
|x Christianity.
|
| 650 |
|
0 |
|a Christian life.
|
| 852 |
8 |
|
|b CARM
|h A3:AD38A0
|i B11634
|p 0481203
|f BK
|
| 999 |
f |
f |
|i 45b5e676-8c0e-535b-803d-19e2e231d54e
|s ee046f27-47ab-5a29-9924-ddeb9799d432
|
| 952 |
f |
f |
|p Can circulate
|a CAVAL
|b CAVAL
|c CAVAL
|d CARM 1 Store
|e B11634
|f A3:AD38A0
|h Other scheme
|i book
|m 0481203
|